CML publishes 2011 market forecasts (Record no. 82864)

MARC details
000 -LEADER
fixed length control field 00849cad a22001815a 4500
001 - CONTROL NUMBER
control field L151912
008 - FIXED-LENGTH DATA ELEMENTS--GENERAL INFORMATION
fixed length control field 101222e20101215xxk 000 0 eng d
035 ## - SYSTEM CONTROL NUMBER
System control number (Sirsi) u151912
041 0# - LANGUAGE CODE
Language code of text/sound track or separate title eng
245 00 - TITLE STATEMENT
Title CML publishes 2011 market forecasts
490 ## - SERIES STATEMENT
Series statement CML News and Views
Volume/sequential designation 15 December 2010
520 ## - SUMMARY, ETC.
Summary, etc. Activity in housing and mortgage markets predicted to remain broadly flat in 2011. Historically low interest rates are likely to underpin significantly current house price values, despite low levels of property sales. Bank of England interest rate is expected to remain at 0.5%.
590 ## - LOCAL NOTE (RLIN)
Local note KA
651 #4 - SUBJECT ADDED ENTRY--GEOGRAPHIC NAME
Geographic name UNITED KINGDOM
690 ## - LOCAL SUBJECT ADDED ENTRY--TOPICAL TERM (OCLC, RLIN)
Topical term or geographic name as entry element PROPERTY-RESIDENTIAL PROPERTY-RESIDENTIAL PROPERTY MARKET
856 40 - ELECTRONIC LOCATION AND ACCESS
Uniform Resource Identifier <a href="https://www.cml.org.uk/cml/publications/newsandviews/80/290">https://www.cml.org.uk/cml/publications/newsandviews/80/290</a>
Public note View this item free of charge at www.cml.org.uk
942 ## - ADDED ENTRY ELEMENTS (KOHA)
Suppress in OPAC 0
Holdings
Withdrawn status Lost status Source of classification or shelving scheme Damaged status Not for loan Home library Current library Shelving location Date acquired Total Checkouts Full call number Barcode Date last seen Copy number Price effective from Koha item type
    Dewey Decimal Classification     Virtual Virtual Online 22/12/2010   ONLINE PUBLICATION 151912-2001 06/08/2019 1 06/08/2019 Journal article